Knowledge management and information systems : (Record no. 168418)
[ view plain ]
| 000 -LEADER | |
|---|---|
| fixed length control field | 01984cam a22002774a 4500 |
| 008 - FIXED-LENGTH DATA ELEMENTS--GENERAL INFORMATION | |
| fixed length control field | |
| 020 ## - INTERNATIONAL STANDARD BOOK NUMBER | |
| International Standard Book Number | 9780230280434 (pbk.) |
| 020 ## - INTERNATIONAL STANDARD BOOK NUMBER | |
| International Standard Book Number | 0230280439 (pbk.) |
| 049 0# - LOCAL HOLDINGS (OCLC) | |
| Holding library | MAIN |
| 090 00 - LOCALLY ASSIGNED LC-TYPE CALL NUMBER (OCLC); LOCAL CALL NUMBER (RLIN) | |
| Classification number (OCLC) (R) ; Classification number, CALL (RLIN) (NR) | HD30.2 |
| Local cutter number (OCLC) ; Book number/undivided call number, CALL (RLIN) | MEL |
| 003 - CONTROL NUMBER IDENTIFIER | |
| control field | |
| 005 - DATE AND TIME OF LATEST TRANSACTION | |
| control field | 20251007161809.0 |
| 040 ## - CATALOGING SOURCE | |
| Transcribing agency | NUST |
| 100 1# - MAIN ENTRY--PERSONAL NAME | |
| Personal name | Mellor, Robert B. |
| 245 10 - TITLE STATEMENT | |
| Title | Knowledge management and information systems : |
| Remainder of title | strategies for growing organizations / |
| Statement of responsibility, etc. | Robert Mellor. |
| 260 ## - PUBLICATION, DISTRIBUTION, ETC. | |
| Place of publication, distribution, etc. | Basingstoke ; |
| -- | New York : |
| Name of publisher, distributor, etc. | Palgrave Macmillan, |
| Date of publication, distribution, etc. | 2011. |
| 300 ## - PHYSICAL DESCRIPTION | |
| Extent | xx, 170 p. : |
| Other physical details | ill. ; |
| Dimensions | 24 cm. |
| 504 ## - BIBLIOGRAPHY, ETC. NOTE | |
| Bibliography, etc. note | Includes bibliographical references. |
| 500 ## - GENERAL NOTE | |
| General note | Includes index. |
| 520 ## - SUMMARY, ETC. | |
| Summary, etc. | "Knowledge Management and Information Systems Strategy for Growing Organizations examines the role that information systems play in helping SMEs use knowledge to achieve strategic organizational goals. Adopting a business perspective, it is ideal for students studying strategic information systems and knowledge management"-- |
| Assigning source | Provided by publisher. |
| 505 8# - FORMATTED CONTENTS NOTE | |
| Formatted contents note | Machine generated contents note: -- Introduction -- PART I: BACKGROUND -- Introduction to Knowledge Management -- Knowledge Management and Innovation -- Knowlege Management, Entrepreneurship and the Value Chain -- Information Systems and SMEs -- PART II: MODELLING THE THEORY -- Knowledge Valley Theory -- Managing Formal Knowledge -- PART III: APPLYING THEORETICAL PRINCIPLES -- Using Knowledge Valley Theory to Increase Organisational Innovation -- Factors that Stop Innovation -- Leadership and Innovation -- Knowledge and Learning -- PART IV: BUILDING APPLIED INFORMATION SYSTEMS -- Recombining Knowledge and Learning -- Drawing Conclusions -- PART V: THE PRACTITIONER VIEW -- Calculating the Benefit -- Larger Organisations -- Conclusion -- References -- Appendix -- Index. |
| 650 #0 - SUBJECT ADDED ENTRY--TOPICAL TERM | |
| Topical term or geographic name entry element | Knowledge management. |
| 650 #0 - SUBJECT ADDED ENTRY--TOPICAL TERM | |
| Topical term or geographic name entry element | Information resources management. |
| 907 ## - LOCAL DATA ELEMENT G, LDG (RLIN) | |
| a | .b10397012 |
| b | 15-03-19 |
| c | 15-03-19 |
| 942 ## - ADDED ENTRY ELEMENTS (KOHA) | |
| Koha item type | Ordinary Loan Books |
| Call number prefix | HD30.2 |
| Call number suffix | MEL |
| Koha issues (borrowed), all copies | 1 |
| Date last seen | Total Checkouts | Full call number | Barcode | Date last checked out | Cost, replacement price | Price effective from | Koha item type | Lost status | Source of classification or shelving scheme | Damaged status | Not for loan | Collection | Withdrawn status | Home library | Current library | Shelving location | Date acquired | Cost, normal purchase price |
|---|---|---|---|---|---|---|---|---|---|---|---|---|---|---|---|---|---|---|
| 10/27/2025 | 1 | HD30.2 MEL | 92004046254 | 10/07/2025 | 80.00 | 01/23/2023 | BOOKS | LCC | NFIC | MAIN | MAIN | GEN | 01/23/2023 | 80.00 |